Получение наночастиц оксида цинка из суспензий различными способами; Научная инициатива иностранных студентов и аспирантов

Bibliographische Detailangaben
Parent link:Научная инициатива иностранных студентов и аспирантов.— 2023.— С. 521-525
1. Verfasser: Ли Сяоянь
Körperschaft: Национальный исследовательский Томский политехнический университет Инженерная школа новых производственных технологий (570)
Weitere Verfasser: Илела А. Э. Алфа Эдисон (научный руководитель)
Zusammenfassung:Текстовый файл
Sprache:Russisch
Veröffentlicht: 2023
Schlagworte:
Online-Zugang:http://earchive.tpu.ru/handle/11683/80381
Format: MixedMaterials Elektronisch Buchkapitel
KOHA link:https://koha.lib.tpu.ru/cgi-bin/koha/opac-detail.pl?biblionumber=671412

MARC

LEADER 00000naa2a2200000 4500
001 671412
005 20240806131038.0
090 |a 671412 
100 |a 20240313d2024 k||y0rusy50 ca 
101 0 |a rus 
102 |a RU 
135 |a drcn ---uucaa 
200 1 |a Получение наночастиц оксида цинка из суспензий различными способами  |f Ли Сяоянь  |g науч. рук. Илела Алфа Эдисон. ; Национальный исследовательский Томский политехнический университет ИШНПТ 
320 |a Библиогр.: с. 525 
336 |a Текстовый файл 
463 |0 669745  |9 669745  |a Национальный исследовательский Томский политехнический университет, Школа общественных наук  |c Томск  |d 2023  |n Изд-во ТПУ  |o сборник докладов III Международной научно-практической конференции, Томск, 25-27 апреля 2023 г.  |p 1 файл (13,5 Mb, 692 с.)  |t Научная инициатива иностранных студентов и аспирантов  |u conference_tpu-2023-C19.pdf  |v С. 521-525 
610 1 |a электронный ресурс 
610 1 |a труды учёных ТПУ 
610 1 |a катализ 
610 1 |a коррозионная стойкость 
610 1 |a кислоты 
610 1 |a фазовый состав 
700 0 |a Ли Сяоянь 
702 1 |a Илела  |b А. Э.  |c специалист в области материаловедения  |c ассистент кафедры Томского политехнического университета  |f 1982-  |g Алфа Эдисон  |4 727 
712 0 2 |a Национальный исследовательский Томский политехнический университет  |b Инженерная школа новых производственных технологий  |c (2017- )  |9 28317  |4 570 
801 0 |a RU  |b 63413507  |c 20240313  |g RCR 
856 4 |u http://earchive.tpu.ru/handle/11683/80381  |z http://earchive.tpu.ru/handle/11683/80381 
942 |c CF